Normal view
MARC view
- Park West Gallery (Southfield, Mich.)
Entry Topical Term
001 - CONTROL NUMBER
- control field: 10447
003 - CONTROL NUMBER IDENTIFIER
- control field: OSt
005 - DATE AND TIME OF LATEST TRANSACTION
- control field: 20160624185046.0
008 - FIXED-LENGTH DATA ELEMENTS
- fixed length control field: 160624|| aca||babn | a|a d
040 ## - CATALOGING SOURCE
- Original cataloging agency: OSt
150 ## - HEADING--TOPICAL TERM
- Topical term or geographic name entry element: Park West Gallery (Southfield, Mich.)
- General subdivision: Catalogs
